000
00316nam a22001337a 4500
020
_a
978-81-224-2369-3
082
_a
510
_b
KIS/M
100
_a
Dr.HARI KISHAN
245
_a
GOLDEN MATHEMATICS
_b
CLASS VIII
260
_a
DELHI
_b
LAXMI PUBLICATIONS
300
_a
460
650
_a
MATHS FOR CLAQSS VIII
_z
INDIA
942
_c
BK
999
_c
958
_d
958